书目信息 |
| 题名: |
海水鱼健康养殖新技术
|
|
| 作者: | 张梅兰 主编 | |
| 分册: | ||
| 出版信息: | 北京 中国农业出版社 2002 |
|
| 页数: | 371页 | |
| 开本: | 20cm | |
| 丛书名: | ||
| 单 册: | ||
| 中图分类: | S965.3 | |
| 科图分类: | ||
| 主题词: | 海水养殖--鱼类养殖 , 海水养殖 , 鱼类养殖 | |
| 电子资源: | ||
| ISBN: | 7-109-07683-0 | |
| 000 | 00928nam0 2200265 45 | |
| 001 | 012005600628 | |
| 005 | 20070109095522.40 | |
| 010 | @a7-109-07683-0@dCNY19.80 | |
| 092 | @aCN@b460779 | |
| 100 | @a20050812d2002 em y0chiy0120 ea | |
| 101 | 0 | @achi |
| 102 | @aCN@b110000 | |
| 105 | @aa z 000yy | |
| 200 | 1 | @a海水鱼健康养殖新技术@9hai shui yu jian kang yang zhi xin ji shu@f张梅兰主编 |
| 210 | @a北京@c中国农业出版社@d2002 | |
| 215 | @a371页@c图,彩图@d20cm | |
| 320 | @a有书目(第368~371页) | |
| 330 | @a 本书主要选择了当前在我国沿海养殖效益较好的牙鲆、大菱鲆、石斑鱼、大黄鱼、美国红鱼、花鲈等八个品种,每个品种详细地介绍了其生物学特性、生态习性、人工繁殖、苗种培育、成鱼饲养和病害防治技术等内容。 | |
| 606 | 0 | @a海水养殖@x鱼类养殖 |
| 606 | 0 | @a海水养殖 |
| 606 | 0 | @a鱼类养殖 |
| 690 | @aS965.3@v4 | |
| 701 | 0 | @a张梅兰@9zhang mei lan@4主编 |
| 801 | 0 | @aCN@bLZJBOOK@c20070109 |
| 905 | @a10447@dS965.3@e25 | |
| 海水鱼健康养殖新技术/张梅兰主编.-北京:中国农业出版社,2002 |
| 371页:图,彩图;20cm |
| ISBN 7-109-07683-0:CNY19.80 |
| 本书主要选择了当前在我国沿海养殖效益较好的牙鲆、大菱鲆、石斑鱼、大黄鱼、美国红鱼、花鲈等八个品种,每个品种详细地介绍了其生物学特性、生态习性、人工繁殖、苗种培育、成鱼饲养和病害防治技术等内容。 |
| ● |
| 相关链接 |
|
|
|
|
正题名:海水鱼健康养殖新技术
索取号:S965.3/25
 
预约/预借
| 序号 | 登录号 | 条形码 | 馆藏地/架位号 | 状态 | 备注 |
| 1 | 0552460 | 205524609 | 第二样本阅览室/ [索取号:S965.3/25] | 在馆 | |
| 2 | 0552461 | 205524618 | 第三借阅区/ [索取号:S965.3/25] | 在馆 | |
| 3 | 0552462 | 205524627 | 第三借阅区/ [索取号:S965.3/25] | 在馆 | |
| 4 | 0552463 | 205524636 | 第三借阅区/ [索取号:S965.3/25] | 在馆 | |
| 5 | 0552464 | 205524645 | 第三借阅区/ [索取号:S965.3/25] | 在馆 |